Documentales sociales participativos, talleres en comunicación audiovisual para la transformación /

Salvato in:
Dettagli Bibliografici
Autore principale: Orcasitas Pacheco, Luis Jorge
Natura: testo
Tags: Aggiungi Tag
Nessun Tag, puoi essere il primo ad aggiungerne!!

MARC

LEADER 00000 a a2200000 04500
001 46667
003
040
100 |a Orcasitas Pacheco, Luis Jorge  
245 |a Documentales sociales participativos, talleres en comunicación audiovisual para la transformación /  |c Luis Jorge Orcasitas Pacheco  
773 |g número29 ( , 2012), páginas 113-128 : fotos  
999 |c 30555  |d 30555